How to paint in oils (Record no. 49657)

MARC details
000 -LEADER
fixed length control field 00657nam a2200241 i 4500
001 - CONTROL NUMBER
control field C2-0167888
003 - CONTROL NUMBER IDENTIFIER
control field PPAK
005 - DATE AND TIME OF LATEST TRANSACTION
control field 20180727133742.0
008 - FIXED-LENGTH DATA ELEMENTS--GENERAL INFORMATION
fixed length control field 980712s1988 enka|||| ||||| | eng d
020 ## - INTERNATIONAL STANDARD BOOK NUMBER
International Standard Book Number 0906286921
040 ## - CATALOGING SOURCE
Original cataloging agency PPAK
Language of cataloging eng
Transcribing agency PPAK
Description conventions rda
082 04 - DEWEY DECIMAL CLASSIFICATION NUMBER
Classification number 751.45
Edition number 23
090 00 - LOCALLY ASSIGNED LC-TYPE CALL NUMBER (OCLC); LOCAL CALL NUMBER (RLIN)
Classification number (OCLC) (R) ; Classification number, CALL (RLIN) (NR) 751.45
Feature heading HOW
Feature heading R
245 00 - TITLE STATEMENT
Title How to paint in oils
250 ## - EDITION STATEMENT
Edition statement Smith, Stan
264 #1 - PRODUCTION, PUBLICATION, DISTRIBUTION, MANUFACTURE, AND COPYRIGHT NOTICE
Place of production, publication, distribution, manufacture London :
Name of producer, publisher, distributor, manufacturer New Burlington Books ,
Date of production, publication, distribution, manufacture, or copyright notice 1988
300 ## - PHYSICAL DESCRIPTION
Extent 69 pages :
Other physical details colour illustrations ;
Dimensions 28 cm
336 ## - CONTENT TYPE
Source rdacontent
Content type term text
337 ## - MEDIA TYPE
Source rdamedia
Media type term unmediated
338 ## - CARRIER TYPE
Source rdacarrier
Carrier type term volume
650 10 - SUBJECT ADDED ENTRY--TOPICAL TERM
Topical term or geographic name entry element Water-color painting - Technique
942 ## - ADDED ENTRY ELEMENTS (KOHA)
-- dc
Koha item type Book
Holdings
Withdrawn Not for loan Current library Shelving location Date acquired Full call number Barcode Date last seen Koha item type Total Checkouts
  Not For Loan Perpustakaan Alor Setar Rujukan Dewasa 12/07/1998 R 751.45 HOW A00109152 08/05/2018 Book  
  Not For Loan Perpustakaan Awam Sungai Petani Rujukan Dewasa 21/03/2004 R 751.45 HOW A00424801 08/05/2018 Book  
  Not For Loan Perpustakaan Kulim Rujukan Dewasa 31/10/2005 R 751.45 HOW A00343416 19/04/2021 Book  
  Not For Loan Perpustakaan Kulim Rujukan Dewasa 31/10/2005 R 751.45 HOW A00343417 19/04/2021 Book  
  Not For Loan Perpustakaan Langkawi Rujukan Dewasa 31/10/2005 R 751.45 HOW A00356231 08/05/2018 Book  
  Not For Loan Perpustakaan Yan Rujukan Dewasa 31/10/2005 R 751.45 HOW A00163017 16/11/2021 Book